000 00585nam a2200217Ia 4500
008 200601s9999 xx 000 0 und d
020 _a8124204454
050 _aREF HF 5549.5
050 _b.J62P64 2004
100 _aPoels, Frans.
245 0 _aHandbook of job evaluation and remuneration strategies /
245 0 _cFrans Poels.
260 _aNew Delhi :
260 _bCrest Pub. House.,
260 _c2004
300 _a270 pages :
300 _c25 cm.
500 _aIncludes bibliography and index.
650 _aJob evalutaion.
650 _xCompensation management.
999 _c363358
_d363358